<?xml version="1.0" encoding="UTF-8"?>
<marc:record xmlns:marc="http://www.loc.gov/MARC21/slim">
   <marc:leader>00000nam a2200000 a 4500</marc:leader>
   <marc:datafield ind1="1" ind2=" " tag="100">
      <marc:subfield code="a">Caughey, Melissa</marc:subfield>
      <marc:subfield code="4">aut</marc:subfield>
      <marc:subfield code="e">Verfasser/-in</marc:subfield>
   </marc:datafield>
   <marc:datafield ind1="1" ind2=" " tag="100">
      <marc:subfield code="a">Schmidt-Wussow, Susanne</marc:subfield>
      <marc:subfield code="4">trl</marc:subfield>
      <marc:subfield code="e">Übersetzer/-in</marc:subfield>
   </marc:datafield>
   <marc:datafield ind1=" " ind2=" " tag="653">
      <marc:subfield code="a">Tiere</marc:subfield>
   </marc:datafield>
   <marc:datafield ind1=" " ind2=" " tag="653">
      <marc:subfield code="a">Huhn</marc:subfield>
   </marc:datafield>
   <marc:datafield ind1=" " ind2=" " tag="653">
      <marc:subfield code="a">Tierhaltung</marc:subfield>
   </marc:datafield>
   <marc:datafield ind1=" " ind2=" " tag="653">
      <marc:subfield code="a">Tiersprache</marc:subfield>
   </marc:datafield>
   <marc:datafield ind1=" " ind2=" " tag="653">
      <marc:subfield code="a">Natur</marc:subfield>
   </marc:datafield>
   <marc:datafield ind1=" " ind2=" " tag="653">
      <marc:subfield code="a">Softcover / Ratgeber/Natur/Hobbytierhaltung</marc:subfield>
   </marc:datafield>
   <marc:datafield ind1="0" ind2="0" tag="245">
      <marc:subfield code="a">How to speak chicken</marc:subfield>
   </marc:datafield>
   <marc:datafield ind1="0" ind2="0" tag="245">
      <marc:subfield code="b">warum Ihre Hühner tun, was sie tun, und sagen, was sie sagen</marc:subfield>
   </marc:datafield>
   <marc:datafield ind1="0" ind2="0" tag="245">
      <marc:subfield code="c">Melissa Caughey ; aus dem Englischen übersetzt von Susanne Schmidt-Wussow</marc:subfield>
   </marc:datafield>
   <marc:datafield ind1=" " ind2="1" tag="264">
      <marc:subfield code="a">Bern</marc:subfield>
      <marc:subfield code="b">Haupt Verlag</marc:subfield>
      <marc:subfield code="c">2018</marc:subfield>
   </marc:datafield>
   <marc:datafield ind1=" " ind2=" " tag="250">
      <marc:subfield code="a">1. Auflage</marc:subfield>
   </marc:datafield>
   <marc:datafield ind1="1" ind2=" " tag="520">
      <marc:subfield code="a">Angaben aus der Verlagsmeldung

How to Speak Chicken : Warum Ihre Hühner tun, was sie tun, und sagen, was sie sagen / von Melissa Caughey

Der Crash-Kurs in Hühnersprache. So geht es: Hühner verstehen, mit Hühnern kommunizieren.

Vergnüglicher und erfrischender Blick auf ein Tier, das einen zunehmend großen Fankreis hat.

Vom Ei zum Küken zum Huhn – Wissenswertes über das Hühnerleben und die besonderen Fähigkeiten von Hühnern.

«How to Speak Chicken» ist das richtige Buch für alle, die schon lange wissen wollten, was ihre Hühner beim Scharren und Picken gackern. Es bietet einen Crash-Kurs in Hühnersprache für all jene, die ihren gefiederten Freunden aufmerksam zuhören und sie besser verstehen wollen.

Melissa Caughey, langjährige Hühnerhalterin, führt ein in den Hühnerstall-Knigge, erklärt, wie Hühner voneinander lernen und wie Hennen mit ihren Küken kommunizieren, auf welche Weise Hühner ihre Gefühle ausdrücken und warum Hühner keinesfalls dumm sind.

Ein erfrischender Blick auf die Hühnerschar in Ihrem Garten mit spannenden und überraschenden Informationen zu den Fähigkeiten und zum Gefühlsleben von Hühnern.
</marc:subfield>
   </marc:datafield>
   <marc:datafield ind1=" " ind2=" " tag="020">
      <marc:subfield code="a">9783258080444</marc:subfield>
      <marc:subfield code="9">9783258080444</marc:subfield>
   </marc:datafield>
   <marc:datafield ind1=" " ind2=" " tag="020">
      <marc:subfield code="a">3258080445</marc:subfield>
      <marc:subfield code="9">3258080445</marc:subfield>
   </marc:datafield>
   <marc:datafield ind1=" " ind2=" " tag="041">
      <marc:subfield code="a">ger</marc:subfield>
   </marc:datafield>
   <marc:datafield ind1=" " ind2=" " tag="300">
      <marc:subfield code="a">144 Seiten</marc:subfield>
   </marc:datafield>
</marc:record>
